[Event "ITA-chTB 53rd"]
[Site "Montesilvano"]
[Date "2022.04.21"]
[Round "4.2"]
[White "Loiacono, Leonardo"]
[Black "Trabattoni, Franco"]
[Result "1-0"]
[WhiteElo "2284"]
[BlackElo "2230"]
[PlyCount "87"]
[EventDate "2022.04.19"]
[EventType "team-tourn"]
[EventRounds "7"]
[EventCountry "ITA"]
[SourceTitle "CBM 207 Extra"]
[Source "ChessBase"]
[SourceDate "2022.05.31"]
[SourceVersion "1"]
[SourceVersionDate "2022.05.31"]
[SourceQuality "1"]
[WhiteTeam "Montebelluna Master"]
[BlackTeam "Cerianese Scacchistica"]
[WhiteTeamCountry "ITA"]
[BlackTeamCountry "ITA"]

1. d4 Nf6 2. c4 e6 3. Nc3 Bb4 4. Qc2 0-0 5. Nf3 d6 6. g3 Nc6 7. Bg2 e5 8. dxe5 dxe5 9. 0-0 Bxc3 10. Qxc3 Re8 11. Be3 e4 12. Rad1 Qe7 13. Nd4 Ne5 14. Bf4 a6 15. Nc2 Bg4 16. Rfe1 h6 17. Ne3 Ng6 18. Nxg4 Nxg4 19. Bc1 Qc5 20. Qd4 Qh5 21. h3 Nf6 22. b3 Qf5 23. Qe3 Re6 24. Bb2 Ne5 25. Qf4 Qh5 26. g4 Nexg4 27. hxg4 Nxg4 28. Rd5 g5 29. Qg3 e3 30. f3 Nf2 31. Bd4 Rae8 32. Bxe3 Rxe3 33. Kxf2 Qg6 34. Bf1 Qb6 35. Kg2 Qb4 36. Qf2 Qc3 37. Red1 Qf6 38. R1d3 R3e6 39. e4 Qf4 40. Rf5 Qc1 41. Qd2 Qa1 42. Rd8 g4 43. Rxe8+ Rxe8 44. Qxh6 1-0

[Event "Arco op 42nd"]
[Site "Arco"]
[Date "2020.10.16"]
[Round "7.7"]
[White "Trabattoni, Franco"]
[Black "Ruzic, Pia Marie"]
[Result "0-1"]
[WhiteElo "2246"]
[BlackElo "1929"]
[PlyCount "62"]
[EventDate "2020.10.10"]
[EventType "swiss"]
[EventRounds "9"]
[EventCountry "ITA"]
[SourceTitle "CBM 198 Extra"]
[Source "ChessBase"]
[SourceDate "2020.11.30"]
[SourceVersion "1"]
[SourceVersionDate "2020.11.30"]
[SourceQuality "1"]

1. d4 Nf6 2. Nf3 g6 3. c4 Bg7 4. Nc3 0-0 5. Bf4 d6 6. e3 Nbd7 7. Be2 c6 8. h3 Qe8 9. 0-0 e5 10. Bh2 Qe7 11. Re1 Re8 12. a3 e4 13. Nd2 Nf8 14. Qc2 h5 15. b4 Bf5 16. c5 d5 17. b5 Ne6 18. Rab1 Nxd4 19. exd4 e3 20. Bd3 exf2+ 21. Kxf2 Ng4+ 22. Kf1 Qe3 23. Rxe3 Nxe3+ 24. Kg1 Nxc2 25. Bxf5 Bxd4+ 26. Kh1 gxf5 27. bxc6 bxc6 28. Na4 Nxa3 29. Rf1 Re2 30. Nf3 Bf6 31. Bg1 Nb5 0-1

[Event "Arco op 42nd"]
[Site "Arco"]
[Date "2020.10.12"]
[Round "3.12"]
[White "Trabattoni, Franco"]
[Black "Bergero, Simone"]
[Result "1/2-1/2"]
[WhiteElo "2246"]
[BlackElo "1961"]
[PlyCount "35"]
[EventDate "2020.10.10"]
[EventType "swiss"]
[EventRounds "9"]
[EventCountry "ITA"]
[SourceTitle "CBM 198 Extra"]
[Source "ChessBase"]
[SourceDate "2020.11.30"]
[SourceVersion "1"]
[SourceVersionDate "2020.11.30"]
[SourceQuality "1"]

1. d4 Nf6 2. Nf3 e6 3. g3 b5 4. Bg2 d5 5. 0-0 Bb7 6. Nbd2 Nbd7 7. a4 b4 8. c4 bxc3 9. bxc3 Ba6 10. Re1 Be7 11. e4 Nxe4 12. Nxe4 dxe4 13. Rxe4 0-0 14. Re1 e5 15. Be3 Rc8 16. Rb1 Bf6 17. Nd2 Bd3 18. Rb7 1/2-1/2

[Event "Bergamo op 17th"]
[Site "Bergamo"]
[Date "2018.07.13"]
[Round "1"]
[White "Brunello, Sabino"]
[Black "Trabattoni, Franco"]
[Result "1-0"]
[WhiteElo "2555"]
[BlackElo "2284"]
[PlyCount "100"]
[EventDate "2018.07.13"]
[EventType "swiss"]
[EventRounds "9"]
[EventCountry "ITA"]
[SourceTitle "EXT 2019"]
[Source "ChessBase"]
[SourceDate "2018.10.10"]
[SourceVersion "1"]
[SourceVersionDate "2018.10.10"]
[SourceQuality "1"]

1. c4 c6 2. b3 d5 3. Bb2 Nd7 4. Nf3 Ngf6 5. g3 e6 6. Bg2 Bd6 7. 0-0 0-0 8. Nc3 b6 9. d3 Bb7 10. e4 dxe4 11. dxe4 Ne5 12. Ne1 Ng6 13. Qe2 e5 14. Nd3 Re8 15. f4 Qe7 16. f5 Nf8 17. Rad1 N6d7 18. h4 Ba3 19. Ba1 a6 20. Kh2 b5 21. Kh3 f6 22. g4 Nb6 23. Bf3 Rad8 24. g5 fxg5 25. Rg1 Bc8 26. Qe3 Ng6 27. Rxg5 Rxd3 28. Rxd3 Bc5 29. Qd2 Nf4+ 30. Kh2 Nxd3 31. Qxd3 Bf2 32. Ne2 Bxh4 33. Rg4 Bf6 34. Ng3 Qc5 35. Nh5 Nd7 36. Bc3 Qf2+ 37. Rg2 Qh4+ 38. Kg1 Kh8 39. Qe3 Bd8 40. c5 Be7 41. b4 Bf8 42. Be1 Qe7 43. Bd1 Qf7 44. Qh3 Nf6 45. Nxf6 Qxf6 46. Bb3 g6 47. Bh4 Qg7 48. Qf3 Qd7 49. fxg6 Bg7 50. gxh7 Qc7 1-0

[Event "ITA-chT"]
[Site "Italy"]
[Date "1994.??.??"]
[Round "?"]
[White "Trabattoni, Franco"]
[Black "Contin, Daniel"]
[Result "0-1"]
[WhiteElo "2335"]
[BlackElo "2420"]
[PlyCount "94"]
[EventDate "1994.??.??"]
[EventType "tourn"]
[EventRounds "7"]
[EventCountry "ITA"]
[SourceTitle "EXT 2000"]
[Source "ChessBase"]
[SourceDate "1999.11.16"]
[SourceVersion "1"]
[SourceVersionDate "1999.11.16"]
[SourceQuality "1"]

1. d4 Nf6 2. Nf3 e6 3. g3 b5 4. Bg2 Bb7 5. 0-0 c5 6. c3 cxd4 7. cxd4 Be7 8. Bg5 Qb6 9. Nc3 0-0 10. d5 b4 11. Na4 Qa5 12. d6 Bd8 13. a3 Nc6 14. axb4 Qxb4 15. Rc1 Ne4 16. Be3 Bb6 17. Nxb6 axb6 18. Nd4 Nxd4 19. Qxd4 Qxd4 20. Bxd4 Nxd6 21. Bxb6 Bxg2 22. Kxg2 Rfc8 23. Rxc8+ Rxc8 24. b4 Nc4 25. Ba7 Rc7 26. Ra1 f6 27. Ra6 Kf7 28. Bc5 Rb7 29. e4 d6 30. Ra7 Rxa7 31. Bxa7 Ke7 32. Bd4 Kd7 33. Bc3 Kc6 34. g4 Ne5 35. Kg3 Kb5 36. h4 Kc4 37. f4 Nd3 38. Bd2 Nxb4 39. h5 Nc6 40. f5 Kd3 41. h6 gxh6 42. Bxh6 Kxe4 43. fxe6 Ke5 44. Bf8 Kxe6 45. Kf4 Ne5 46. Bh6 d5 47. Bg7 d4 0-1

[Event "ITA-chT"]
[Site "Italy"]
[Date "1993.??.??"]
[Round "4"]
[White "Marinelli, Tullio"]
[Black "Trabattoni, Franco"]
[Result "1/2-1/2"]
[WhiteElo "2365"]
[BlackElo "2335"]
[PlyCount "115"]
[EventDate "1993.??.??"]
[EventType "team"]
[EventRounds "9"]
[EventCountry "ITA"]
[SourceTitle "EXT 1999"]
[Source "ChessBase"]
[SourceDate "1998.11.16"]
[SourceVersion "1"]
[SourceVersionDate "1998.11.16"]
[SourceQuality "1"]

1. d4 Nf6 2. c4 e6 3. Nc3 Bb4 4. Qc2 0-0 5. e3 b6 6. Bd3 d6 7. Nge2 c5 8. 0-0 Nc6 9. Ne4 h6 10. a3 Ba5 11. b3 Bb7 12. Bb2 Nxe4 13. Bxe4 d5 14. cxd5 exd5 15. Bf3 Rc8 16. Qf5 Ne7 17. Qh5 Qd7 18. Rfd1 Rfe8 19. Nf4 Qb5 20. dxc5 Qxb3 21. Rab1 Qc2 22. Qg4 Qh7 23. Nh5 Qg6 24. Nxg7 Red8 25. cxb6 Bxb6 26. Nh5 Rc4 27. Nf6+ Kf8 28. Qxg6 fxg6 29. Ng4 h5 30. Ne5 Ra4 31. Bd4 Bxd4 32. Rxd4 Rxd4 33. exd4 Ba6 34. g3 Kg7 35. Rb4 Rc8 36. h4 Rc1+ 37. Kh2 Bc8 38. Kg2 Rc2 39. Ra4 a6 40. Nd3 Nf5 41. Nf4 Ne3+ 42. Kg1 Rc1+ 43. Kh2 Rc2 44. Be2 Nc4 45. Kg1 a5 46. Bxc4 dxc4 47. d5 Bf5 48. Ne6+ Kf6 49. Nd4 Rc1+ 50. Kg2 Be4+ 51. f3 Bxd5 52. Rxa5 Ke5 53. Ne2 Rc2 54. Kf2 Rb2 55. Ke3 Rb3+ 56. Kd2 Rb2+ 57. Ke3 Rb3+ 58. Kd2 1/2-1/2

[Event "Cannes Martinez op"]
[Site "Cannes"]
[Date "1992.??.??"]
[Round "?"]
[White "Gouret, Thierry"]
[Black "Trabattoni, Franco"]
[Result "1-0"]
[WhiteElo "2215"]
[BlackElo "2340"]
[PlyCount "45"]
[EventDate "1992.07.??"]
[EventType "swiss"]
[EventRounds "9"]
[EventCountry "FRA"]
[SourceTitle "EXT 1997"]
[Source "ChessBase"]
[SourceDate "1996.11.15"]
[SourceVersion "1"]
[SourceVersionDate "1996.11.15"]
[SourceQuality "1"]

1. c4 Nf6 2. Nf3 e6 3. e3 d5 4. b3 Be7 5. Bb2 0-0 6. Be2 c6 7. 0-0 Nbd7 8. Nc3 a6 9. d4 b5 10. Qc2 Bb7 11. e4 b4 12. e5 bxc3 13. exf6 Nxf6 14. Qxc3 a5 15. Ne5 a4 16. bxa4 Rxa4 17. Bd1 Ra7 18. Bb3 Qa8 19. Rfd1 dxc4 20. Qxc4 Rc8 21. Nxf7 c5 22. Qxe6 Bd5 23. Bxd5 1-0

[Event "Cannes Martinez op"]
[Site "Cannes"]
[Date "1992.??.??"]
[Round "?"]
[White "Hohler, Peter"]
[Black "Trabattoni, Franco"]
[Result "1/2-1/2"]
[WhiteElo "2295"]
[BlackElo "2340"]
[PlyCount "80"]
[EventDate "1992.07.??"]
[EventType "swiss"]
[EventRounds "9"]
[EventCountry "FRA"]
[SourceTitle "EXT 1997"]
[Source "ChessBase"]
[SourceDate "1996.11.15"]
[SourceVersion "1"]
[SourceVersionDate "1996.11.15"]
[SourceQuality "1"]

1. c4 Nf6 2. Nc3 e5 3. Nf3 Nc6 4. e3 d6 5. d4 Bf5 6. Be2 Be7 7. 0-0 0-0 8. b3 h6 9. Bb2 e4 10. Nd2 Re8 11. d5 Ne5 12. Qb1 Bf8 13. Ncxe4 Nxe4 14. Nxe4 Nxc4 15. Bxc4 Bxe4 16. Qd1 Qg5 17. g3 Be7 18. Rc1 Bf6 19. Bxf6 Qxf6 20. f3 Bf5 21. e4 Bh3 22. Rf2 Rac8 23. Bf1 Bd7 24. Rfc2 c5 25. dxc6 bxc6 26. Rd2 d5 27. exd5 cxd5 28. Rxc8 Bxc8 29. Rxd5 Bb7 30. Rd3 Qb6+ 31. Kg2 g5 32. h3 h5 33. Qd2 Qf6 34. Re3 Rd8 35. Qb4 Bc6 36. Be2 Kg7 37. Qc3 Qxc3 38. Rxc3 Rd2 39. Kf1 Bd7 40. h4 gxh4 1/2-1/2

[Event "Cannes Martinez op"]
[Site "Cannes"]
[Date "1992.??.??"]
[Round "?"]
[White "Trabattoni, Franco"]
[Black "Anselmo, Aldo"]
[Result "1/2-1/2"]
[WhiteElo "2340"]
[BlackElo "2240"]
[PlyCount "39"]
[EventDate "1992.07.??"]
[EventType "swiss"]
[EventRounds "9"]
[EventCountry "FRA"]
[SourceTitle "EXT 1997"]
[Source "ChessBase"]
[SourceDate "1996.11.15"]
[SourceVersion "1"]
[SourceVersionDate "1996.11.15"]
[SourceQuality "1"]

1. e4 c5 2. Nf3 Nc6 3. d4 cxd4 4. Nxd4 Qc7 5. Nc3 a6 6. g3 e6 7. Bg2 Nf6 8. 0-0 Be7 9. Re1 0-0 10. Nxc6 dxc6 11. e5 Rd8 12. Qe2 Nd5 13. Bd2 Bd7 14. Qg4 Nxc3 15. Bxc3 c5 16. Bd2 Bc6 17. Bh6 Bf8 18. Bxc6 Qxc6 19. Red1 Rd4 20. Bf4 1/2-1/2

[Event "Cadiz op"]
[Site "Cadiz"]
[Date "1991.??.??"]
[Round "?"]
[White "Trabattoni, Franco"]
[Black "Braga, Fernando Alberto"]
[Result "1/2-1/2"]
[WhiteElo "2320"]
[BlackElo "2445"]
[PlyCount "30"]
[EventDate "1991.??.??"]
[EventType "swiss"]
[EventRounds "9"]
[EventCountry "ESP"]
[SourceTitle "EXT 1997"]
[Source "ChessBase"]
[SourceDate "1996.11.15"]
[SourceVersion "1"]
[SourceVersionDate "1996.11.15"]
[SourceQuality "1"]

1. d4 Nf6 2. Nf3 d5 3. c4 e6 4. Nc3 Bb4 5. Qa4+ Nc6 6. Ne5 Bd7 7. Nxd7 Nxd7 8. cxd5 Nb6 9. Qd1 Nxd5 10. Bd2 Nxd4 11. e3 Bxc3 12. bxc3 Nc6 13. e4 Nf6 14. Qa4 0-0 15. Rd1 Qd6 1/2-1/2

[Event "Mendrisio op"]
[Site "Mendrisio"]
[Date "1988.??.??"]
[Round "3"]
[White "Trabattoni, Franco"]
[Black "Arapovic, Vitomir"]
[Result "0-1"]
[WhiteElo "2290"]
[BlackElo "2370"]
[PlyCount "108"]
[EventDate "1988.10.??"]
[EventType "swiss"]
[EventRounds "9"]
[EventCountry "SUI"]
[SourceTitle "EXT 1997"]
[Source "ChessBase"]
[SourceDate "1996.11.15"]
[SourceVersion "1"]
[SourceVersionDate "1996.11.15"]
[SourceQuality "1"]

1. d4 g6 2. Nf3 Bg7 3. g3 d6 4. Bg2 Nd7 5. 0-0 e5 6. c4 Nh6 7. Nc3 0-0 8. dxe5 dxe5 9. Qc2 f6 10. b3 c6 11. Ba3 Re8 12. Rad1 Qa5 13. Bc1 Nf7 14. Bd2 Qc7 15. Qc1 e4 16. Nd4 f5 17. Bf4 Nde5 18. Kh1 Qa5 19. Bd2 e3 20. fxe3 Qc5 21. h3 h5 22. Nf3 g5 23. e4 g4 24. Nxe5 Qxe5 25. exf5 Bxf5 26. e4 Bg6 27. Be1 Bh6 28. Qc2 gxh3 29. Bxh3 Nd6 30. Bg2 Re6 31. Bf2 Rf8 32. Bd4 Rxf1+ 33. Bxf1 Qxg3 34. Qg2 Nxe4 35. Ne2 Qxg2+ 36. Bxg2 Rd6 37. Rg1 Kh7 38. Bf3 Nd2 39. Bg2 Bd3 40. Bc5 Rg6 41. Nc1 Rg4 42. Re1 Be4 43. Bxe4+ Rxe4 44. Rxe4 Nxe4 45. Ba3 Nc3 46. Bb2 Bxc1 47. Bxc3 Kg6 48. Kg2 Kf5 49. Kf3 Bg5 50. Bd4 a6 51. b4 b5 52. cxb5 axb5 53. Bc5 h4 54. Bd6 Bf6 0-1

[Event "Mendrisio op"]
[Site "Mendrisio"]
[Date "1988.??.??"]
[Round "8"]
[White "Trabattoni, Franco"]
[Black "Milosevic, Goran"]
[Result "1/2-1/2"]
[WhiteElo "2290"]
[BlackElo "2350"]
[PlyCount "122"]
[EventDate "1988.10.??"]
[EventType "swiss"]
[EventRounds "9"]
[EventCountry "SUI"]
[SourceTitle "EXT 1997"]
[Source "ChessBase"]
[SourceDate "1996.11.15"]
[SourceVersion "1"]
[SourceVersionDate "1996.11.15"]
[SourceQuality "1"]

1. e4 c5 2. Nf3 e6 3. d4 cxd4 4. Nxd4 a6 5. Nc3 Qc7 6. g3 Nf6 7. Bg2 d6 8. 0-0 Be7 9. Re1 0-0 10. Be3 Nc6 11. Nxc6 bxc6 12. Na4 Rb8 13. c4 c5 14. b3 Nd7 15. f4 Bf6 16. Rc1 Bb7 17. Qe2 Rbd8 18. Rcd1 Bc6 19. e5 Be7 20. exd6 Bxd6 21. Bxc6 Qxc6 22. Qg2 Qc7 23. Qf2 Be7 24. Qf3 Nf6 25. Bf2 h5 26. h3 Rfe8 27. Qe3 Qa5 28. Qc3 Qc7 29. Qe3 Rxd1 30. Rxd1 Rc8 31. Rd3 Qc6 32. Qf3 Qc7 33. Qe3 Qb7 34. Qf3 Qb4 35. Kg2 Qb8 36. Nc3 g6 37. Ne4 Ne8 38. g4 Ng7 39. Ng3 Rd8 40. Rxd8+ Qxd8 41. Ne4 Qc8 42. Ng3 hxg4 43. hxg4 Kh7 44. Be1 f5 45. Bc3 Qd7 46. Qe3 Bd6 47. g5 Bf8 48. Bb2 Kg8 49. Qc3 Ne8 50. Qe3 Kf7 51. Ne2 Qd1 52. Ba3 Qc2 53. Kf3 Qxa2 54. Bxc5 Bxc5 55. Qxc5 Qxb3+ 56. Kf2 Qb7 57. Qd4 a5 58. Nc1 a4 59. Nd3 a3 60. Ne5+ Kg7 61. Qd8 Qb2+ 1/2-1/2